000 01135 a2200193 4500
001 35905
005 20260407155637.0
008 260407a1978 arg spa d
003 AR-UNSa-BCEJYS
040 _aAR-UNSa-BCEJYS
_bspa
_cAR-UNSa-BCEJYS
080 _a658.311
_xReclutamiento y selección de personal
245 1 0 _aComo seleccionar nuestro personal
_ptécnicas modernas de selección
264 1 _aMéxico :
_bLimusa
_c1978
300 _a206 p.
_c23 cm.
505 _a1. Contratación y reclutamiento - 2. Administración y contratación de personal - 3. Los procedimientos de selección y las últimas etapas del reclutamiento - 4. El período de prueba como etapa final de la selección - 5. Profesiogramas - 6. Métodos modernos de selección de personal - 7. Cómo emplear los tests - 8. La práctica del examen sicotécnio - 9. El problema de la personalidad - 10. Las entrevistas como sistemas de selección - 11. Selección de mandos y equipo directivo - 12. Selección de vendedores - 13. ¿Que hacemos con el hombre marginal?.
942 _cBK
590 _aniveau_biblio:m niveau_hierar:0
100 1 _aBlanco Cohen, C.
999 _c2591
_d2591